Computers and Information Processing: With software tutorial and basic

Bibliographic Details
Main Author: O'Brien, James A
Format: Section = Libro
Language:Undetermined
Spanish
Published: United States [s.e] 1986
Edition:2da. ed
Subjects:
LEADER 00625nam a2200217Ia 4500
008 240830s9999 xx 000 0 und d
020 |a 0-256-03337-4 
040 |a CEDOC FIQ-RUSB / 511 O13 
041 |a spa 
082 |a 511 O13 
100 1 |a O'Brien, James A 
245 1 0 |a Computers and Information Processing: With software tutorial and basic 
250 |a 2da. ed 
260 |a United States  |b [s.e]  |c 1986 
300 |a 604 p.: il. 
650 7 |a ANÁLISIS NÚMERICO 
650 7 |b  INTRODUCCIÓN A LA INFORMÁTICA Y LA INFORMACION 
650 7 |c  SISTEMA INFORMÁTICOS 
942 |c BK  |2 ddc 
991 |a TEXTO 
999 |c 13138